000 00282nam a22001217a 4500
008 181011b xxu||||| |||| 00| 0 eng d
041 _aeng
080 _a330
100 _a52
101 _aEKO
245 _aThe Economic Demand for Irrigated Acreage
_cRuttan,V.W
942 _2udc
_cBK
999 _c49419
_d49419